000 01052cam a2200301 a 4500
001 000011054
005 20200929162340.0
008 830202s1983 pr a 001 0 spa d
020 _a0847723313
035 _a(DLC) 83001281
040 _aDO-SdBNP
_cDLC
_dDLC
_dBNPHU
082 _a598.297295
_bB576a, 1983
100 1 _aBiaggi, Virgilio.
_926522
245 1 4 _aLas aves de Puerto Rico /
_cVirgilio Biaggi ; ilustración de Lucila Madruga de Piferrer, Christine Boyce.
250 _a3a ed., rev. y aum.,
260 _aRío Piedras, (Puerto Rico) :
_bUniversidad de Puerto Rico,
_c1983.
300 _axii, 378 p. :
_bil. ;
_c25 cm.
504 _aBibliografía: p. 345-358.
500 _aIncluye glosario de terminos ornitológicos.
500 _aIncluye índice onomástico
650 4 _aAves
_zPuerto Rico
_926526
650 4 _aOrnitología
_aPuerto rico
_926527
700 1 _aMadruga de Piferrer, Lucila,
_eil.
_926524
700 1 _aBoyce, Christine,
_eil.
_926525
910 _aCatalogación por copia / LC
910 _aWM
049 _aBNGR
999 _c10782
_d10782